| 000 | 00383nam a22001577a 4500 | ||
|---|---|---|---|
| 005 | 20170916131426.0 | ||
| 008 | 170916b xxu||||| |||| 00| 0 eng d | ||
| 020 | _a978-81-239-0134-3 | ||
| 041 | _aeng | ||
| 082 | _a604.2 | ||
| 100 |
_aBAKSHI,S.P. _93941 |
||
| 245 | _aENGINEERING CHEMISTRY | ||
| 260 |
_aNEW DELHI _bCBS PUBLISHERS AND DISTRIBUTERS |
||
| 300 | _a143p. | ||
| 942 | _cBK | ||
| 999 |
_c5587 _d5585 |
||